| 000 | 01104nam a2200289 i 4500 | ||
|---|---|---|---|
| 003 | EG-ScBUE | ||
| 005 | 20230308032608.0 | ||
| 008 | 200219t2020 ii f b 001 0 eng d | ||
| 020 | _a9788126556816 | ||
| 040 |
_aEG-ScBUE _beng _erda _cEG-ScBUE _dEG-ScBUE |
||
| 082 | 0 | 4 |
_222 _a004.35 _bCHI |
| 100 | 1 |
_aChiplunkar, Niranjan N, _eauthor. |
|
| 245 | 1 | 0 |
_aIntroduction to parallel computing / _cNiranjan N. Chiplunkar, principal NMAM Institute of Technology, Nitte, Karnataka, Raju K., Department of Computer Science, NMAM Institute of Technology, Nitte, Karnataka. |
| 264 | 1 |
_aNew Delhi : _bWiley India Pvt. Ltd, _c[2020] |
|
| 264 | 4 | _cc2020 | |
| 300 |
_axviii, 507 pages ; _c24 cm |
||
| 336 |
_2rdacontent _atext _btxt |
||
| 337 |
_2rdamedia _aunmediated _bn |
||
| 338 |
_2rdacarrier _avolume _bnc |
||
| 504 | _aIncludes bibliographical references and index. | ||
| 650 | 7 |
_aHigh performance computing. _2BUEsh |
|
| 650 | 7 |
_aParallel processing (Electronic computers) _2BUEsh |
|
| 653 |
_bENGGEN _bMASIICCSS _cMarch2023 |
||
| 655 | _vReading book | ||
| 942 |
_2ddc _cBB |
||
| 999 |
_c30232 _d30203 |
||